000 00905na a2200289 4500
001 19566
003 MIRAKIL
005 20181213155109.0
008 161219b tu 000 0
020 _a9944593303
040 _aMilas
_btur
_cTR-AnCHP
041 _atur
082 _a370.06
_bÇ24b 2006
090 _a370.06 G24b 2006
110 _aGalatasaray Eğitim Vakfı
245 _a525 yılın son 25 yılı
_bGalatasaray Eğitim Vakfı
_cİzzettin Çalışlar, İpet Altınay
260 _aİstanbul
_bGalatasaray Eğitim Vakfı
_c2006
300 _a318 s.
_bfotğ.; tbl.
_c30 sm.
504 _aDizin var.
610 _aGalatasaray Üniversitesi
610 _aGalatasaray Lisesi
610 _aGalatasaray Eğitim Vakfı
_xTarih
650 _aEğitim
_xVakıf okulları
_yGalatasaray Lisesi
_zİstanbul
700 _aAltınay, İpet
700 _aÇalışlar, İzzettin
942 _2ddc
_cBKS
999 _c6506
_d6506